Responses for Show #5562 - Tuesday, November 11, 2008

2008-B Teen Tournament quarterfinal game 2.

Contestants

[<< previous game]

Bradley Silverman, a junior from Alpharetta, Georgia

Brandon Blackwell, a sophomore from Holliswood, New York

Casey Clough, a junior from Columbia, South Carolina

[next game >>]

Jeopardy! Round responses

STATE THE LANDMARK
(Alex: You have to identify the state.)
IT WASN'T RATED R
ON THE MONEY
TEEN CUISINE
ANCIENT HISTORY
LITERARY RHYME TIME
    $200 22
Hawaii

Bradley
    $200 17
the Mummy

Bradley
    $200 16
(Bradley: What is Mexico?)

Canada

CaseyBradley
    $200 10
pretzels

Bradley
    $200 2
a pharaoh

Brandon
    $200 1
Mark's parks

Brandon
    $400 23
Alaska

Bradley
    $400 27
Get Smart

Brandon
    $400 18
the olive branch

Bradley
    $400 11
pizza

Bradley
    $400 3
Alexander the Great

Brandon
    $400 5
Jane's pains

Casey
    $600 24
(Casey: What is Louisiana?)

Mississippi

Casey
Triple Stumper
    $600 28
Horton Hears a Who!

Casey
    $600 19
a sovereign (a crown accepted)

Bradley
    $600 12
Arby's

Bradley
    $600 4
Crete

Casey
    $600 6
Stowe's woes

Casey
    $800 25
Michigan

Triple Stumper
    $800 29
Enchanted

Casey
    $500 20
(Alex: [*], yes, the currency of Russia.)

the ruble

Bradley
    $800 13
Dairy Queen

Brandon
    $800 8
Buddha

Bradley
    $800 7
Ray's days

Brandon
    $1000 26
Utah

Casey
    $1000 30
(Brandon: What is [*]...? Hm?)
(Alex: You have to phrase it in the form of a question.)
(Brandon: I said "What is [*]?")
(Casey: He did.)
(Alex: You did say "What is"?)
(Brandon: Yeah.)
(Alex: My hearing is going, Brandon. You'll know in about three-quarters of a century. We're going to take a break. We'll come back after this.)

Mamma Mia!

Brandon
    $1000 21
(Casey: What are pounds?)

peso

Casey
Triple Stumper
    $1000 14
(Bradley: What are Skittles?)

M&M's

CaseyBradley
    $1000 9
Hammurabi

Brandon
    $1000 15
Jack's sacks

Bradley

Scores at the first commercial break (after clue 15):

Casey Brandon Bradley
$2,600 $3,400 $2,000

Scores at the end of the Jeopardy! Round:

Casey Brandon Bradley
$3,600 $4,800 $4,100

Double Jeopardy! Round responses

A TESTAMENT TO YOUTH
WOMEN IN SPORTS
BODY WORKS
ONCE UPON A NOVEMBER
GUINNESS RECORDS
FRENCH
    $400 7
(Bradley: Who is Jesus?)

Moses

CaseyBradley
    $400 1
Venus Williams

Bradley
    $400 2
arteries

Bradley
    $400 21
the Suez Canal

Brandon
    $400 16
a dinosaur

Casey
    $400 26
a school

Casey
    $800 10
Solomon

Brandon
    $800 8
Kristi Yamaguchi

Casey
    $800 3
the liver

Bradley
    $800 22
Abraham Lincoln

Bradley
    $800 17
eggshells

Bradley
    $800 27
a stork

Bradley
    $1200 13
Abel

Bradley
    $1200 9
[Walsh delivers the part of the clue following the dash.]

Athens

Bradley
    $1200 4
(Casey: What is the pituitary?)

the thyroid gland

CaseyBradley
    $1200 23
Lewis & Clark

Bradley
    $2,000 18
India

Bradley
    $1200 28
sugar

Brandon
    $1600 14
Joseph

Bradley
    $1600 11
Danica Patrick

Brandon
    $3,000 5
(Bradley: What are the saliviary glands?)
(Alex: The correct response, Bradley, is [*]. That has only four syllables. You added the "I" in there, which made it a 5-syllable word. So we can't accept that. I will penalize you.)

salivary glands

Bradley
    $1600 24
the Stamp Act

Bradley
    $1600 19
Shakespeare

Bradley
    $1600 29
(Casey: What is a hat?)
...
(Alex: Les cheveux, your [*].)

hair

Casey
Triple Stumper
    $2000 15
Isaac

Bradley
    $2000 12
Brandi Chastain

Brandon
    $2000 6
feet

Triple Stumper
    $2000 25
(Casey: Who is Cook?)
...
(Alex: Who is [*]? First to fly over the South Pole.)

Richard Byrd

Casey
Triple Stumper
    $2000 20
a roller coaster

Bradley
    $2000 30
never

Brandon

Scores at the end of the Double Jeopardy! Round:

Casey Brandon Bradley
$800 $12,800 $20,300

Final Jeopardy! Round responses

EARTH FACTS
(Alex: [To Casey] Right on the equator. Right you are, because the force trying to throw you off into space is counterbalancing gravity.)
CaseyWhat is 0 zero degrees?
$800
BrandonWhat is 0°?
$7,200
BradleyWhat is zero
$1,000
0 degrees

Final scores:

Casey Brandon Bradley
$1,600 $20,000 $21,300
3rd place: $5,000 if eliminated 2nd place: $5,000 if eliminated Automatic semifinalist

Game dynamics:

Coryat scores:

Casey Brandon Bradley
$800 $12,800 $22,800
12 R,
5 W
14 R,
0 W
27 R
(including 2 DDs),
4 W
(including 1 DD)

Combined Coryat: $36,400

[game clues] [game scores] [suggest correction]

Game tape date: 2008-10-06
The J! Archive is created by fans, for fans. Scraping, republication, monetization, and malicious use prohibited; this site may use cookies and collect identifying information. See terms. The Jeopardy! game show and all elements thereof, including but not limited to copyright and trademark thereto, are the property of Jeopardy Productions, Inc. and are protected under law. This website is not affiliated with, sponsored by, or operated by Jeopardy Productions, Inc. Join the discussion at JBoard.tv.